African Countries by Emojis - Statistics

General Stats
  • This quiz has been taken 36 times
  • The average score is 8 of 15
Answer Stats
Hint Answer % Correct
πŸ”πŸƒπŸ¦ Kenya
88%
πŸ΄β€β˜ οΈπŸπŸŒŠ Somalia
76%
🐫🌴⚰️ Egypt
67%
πŸ›’πŸŽ₯πŸ›– Nigeria
67%
πŸ’ŽπŸ˜πŸŒ³ Botswana
64%
πŸπŸ¦“πŸ§ Madagascar
61%
βš½οΈπŸšπŸ•Œ Morocco
55%
πŸ—»πŸ¦©πŸƒ Tanzania
55%
β˜•οΈβ›ͺ️⛰ Ethiopia
52%
πŸ¦πŸŒ΄β˜•οΈ Democratic Republic of the Congo
42%
β›°πŸ¦πŸ‰ South Africa
42%
πŸ–βš½οΈπŸ¦’ Cameroon
30%
🏝🀿πŸͺ¨ Mauritius
30%
πŸ€΄πŸ›–πŸœ Mali
24%
πŸ’πŸžπŸŒŠ Zambia
6%
No matching quizzes found
Score Distribution
Percent of People with Each Score
Percentile by Number Answered
Your Score History
You have not taken this quiz